000 00957nam a22002417a 4500
001 81093
003 BD-RjUL
005 20230117171554.0
008 230117s2013 bg a|||| m||| 00| 0 eng d
035 _a(BD-RjUL)81093
040 _aBD-RjUL
_beng
_cBD-RjUL
_dBD-RjUL
041 _aeng
082 _223
_a332.1295492
_bALC 2013
100 _aAlam, Mohammad. Jahangir
_96615
245 1 0 _aCompliance with accounting standards in Financial reporting of commercial Banks In Bangladesh /
_cBy Mohammad. Jahangir Alam ;
_6Supervisor : Abhinaya, Chandra Saha
260 _aRajshahi :
_bInstitute of Bangladesh Studies, University of Rajshahi,
_c2013
300 _axxiii, 231 leaves :
_bill, ;
_c29.cm.
502 _aThesis (Ph. D) -- Institute of Bangladesh Studies, University of Rajshahi, 2013
504 _aBibliography : Leaves 181 -190
650 _aCommercial Banks
_zBangladesh
700 _aSaha, Abhinaya, Chandra, Supervisor
_91668
942 _2ddc
_cTHE
999 _c81093
_d81093